000 00717nam a22002417a 4500
001 71734
003 UA-OsUOA
005 20211023215302.0
007 ta
008 20101202b un ||||| |||| 00| 0 ukr d
020 _a978-5-244-01114-2
040 _aUA-OsUOA
_brus
_cUA-OsUOA
_dUA-OsUOA
041 _arus
080 _a94(470+571):32
090 _a94(470+571):32
_bУ36
100 _aУильямс С.
245 _aЛиберальная реформа при нелиберальном режиме: создание частной собственности в России
260 _aМ.
_bМысль
_c2009
300 _a332 с.
650 7 _a94 Історія
_2UDC
942 _cBK
_2udc
955 _a2
999 _c358211
_d358211